Principios de ingeniería económica
Na minha lista:
| Main Authors: | , , |
|---|---|
| Formato: | Livro |
| Idioma: | espanhol |
| Publicado em: |
Ciudad de México
Continental
1980
|
| Assuntos: | |
| Tags: |
Adicionar Tag
Sem tags, seja o primeiro a adicionar uma tag!
|
MARC
| LEADER | 00000nam a2200000 a 4500 | ||
|---|---|---|---|
| 001 | UCW1926 | ||
| 003 | CL-VaPUC | ||
| 008 | 890303e19800000MX |||||||||||||||||spa|d | ||
| 082 | 0 | 4 | |a 332 |b GRA |2 21 |
| 100 | |a Grant, Eugene Lodewick |e author |9 452436 | ||
| 700 | |a Ireson, William Grant |e author |9 419194 | ||
| 700 | 0 | |a Leavenworth, Richard S |e author |9 305924 | |
| 245 | 1 | 0 | |a Principios de ingeniería económica |
| 300 | |a 710 p | ||
| 942 | |c BK | ||
| 945 | |d 19890303 00:00:00 | ||
| 260 | |a Ciudad de México |b Continental |c 1980 | ||
| 650 | 0 | |a Ingeniería económica |9 259938 | |
| 583 | |a last modification |c 19890303 00:00:00 |k Rodrigo Vera | ||
| 999 | |c 216645 |d 216643 | ||
| 952 | |0 0 |1 0 |4 0 |6 332_000000000000000_GRA_1980 |7 0 |8 A |9 202548 |a BIBMEC |b BIBMEC |d 2019-11-14 |i 269798K |o 332 GRA 1980 |p 269798K |r 2024-01-19 |w 2019-11-14 |y BK |k MEC | ||
| 952 | |0 0 |1 0 |4 0 |6 332_000000000000000_GRA_1980 |7 0 |8 A |9 202549 |a BIBMEC |b BIBMEC |d 2019-11-14 |i 2697998 |o 332 GRA 1980 |p 2697998 |r 2019-11-14 |w 2019-11-14 |y BK |k MEC | ||
| 952 | |0 0 |1 0 |4 0 |6 332_000000000000000_GRA_1980 |7 0 |8 A |9 202550 |a BIBMEC |b BIBMEC |d 2019-11-14 |i 1336452 |o 332 GRA 1980 |p 1336452 |r 2024-01-19 |w 2019-11-14 |y BK |k MEC | ||